00000000nam##2200000za#4500
0019.651207
003CaOODSP
00520210929082800
007ta
008150407|2002||||xxc|||||     f|0| 0 eng|d
020 |a0-9688726-2-X
040 |aCaOODSP|beng
043 |an-cn---
0861 |aFo4-14/3-2002E
1101 |aCanada. |bNatural Resources Canada. |bCanadian Forest Service.
24510|aCanada's forests : |ball things big and small / |c[Published by] Canadian Forestry Association.
2463 |aA teaching kit. Volume 3, Biodiversity
260 |aOttawa - Ontario : |bNatural Resources Canada. |cc2002.
300 |a40p. : |bglossary, illus. ; |c28 cm. + |eTwo full-colour bilingual posters.
500 |aTitles of the posters: "Sustainable forests, a Canadian commitment", "Canada's forests : rooted in our lives". To order free copies of the CFA Teaching Kit series, please visit the website at the URL indicated below.
5203 |aProvides educators with the tools to help young people better understand the value of forests and the importance of protecting and conserving them.
563 |aSoftcover
590 |a08-19|b2008-05-09
77508|tLes forêts du Canada : |w(CaOODSP)9.684253
7760#|tCanada's forests : |w(CaOODSP)9.697410